MARC details
| 000 -LEADER |
| fixed length control field |
01600cam a22003615a 4500 |
| 001 - CONTROL NUMBER |
| control field |
15159162 |
| 005 - DATE AND TIME OF LATEST TRANSACTION |
| control field |
20151111140645.0 |
| 008 - FIXED-LENGTH DATA ELEMENTS--GENERAL INFORMATION |
| fixed length control field |
080128t2008 njua frbf 001 0 eng d |
| 010 ## - LIBRARY OF CONGRESS CONTROL NUMBER |
| LC control number |
2008003748 |
| 020 ## - INTERNATIONAL STANDARD BOOK NUMBER |
| International Standard Book Number |
9780470259580 |
| 035 ## - SYSTEM CONTROL NUMBER |
| System control number |
(OCoLC)ocn176895590 |
| 040 ## - CATALOGING SOURCE |
| Original cataloging agency |
DNLM/DLC |
| Language of cataloging |
eng |
| Transcribing agency |
DLC |
| Modifying agency |
NLM |
| -- |
BTCTA |
| -- |
BAKER |
| -- |
YDXCP |
| -- |
UKM |
| -- |
C#P |
| -- |
BWX |
| -- |
DLC |
| -- |
EG-ScBUE |
| -- |
EG-ScBUE |
| 043 ## - GEOGRAPHIC AREA CODE |
| Geographic area code |
n-us--- |
| 082 04 - DEWEY DECIMAL CLASSIFICATION NUMBER |
| Classification number |
615.19 |
| Item number |
PHA |
| Edition number |
22 |
| 245 00 - TITLE STATEMENT |
| Title |
Pharmaceutical manufacturing handbook : |
| Remainder of title |
production and processes / |
| Statement of responsibility, etc |
[edited by] Shayne Cox Gad. |
| 260 ## - PUBLICATION, DISTRIBUTION, ETC. (IMPRINT) |
| Place of publication, distribution, etc |
Hoboken : |
| Name of publisher, distributor, etc |
Wiley-Interscience / John Wiley & Sons, |
| Date of publication, distribution, etc |
c.2008. |
| 300 ## - PHYSICAL DESCRIPTION |
| Extent |
xiii, 1370 p. : |
| Other physical details |
ill. ; |
| Dimensions |
26 cm. |
| 500 ## - GENERAL NOTE |
| General note |
Index : p. 1367-1370. |
| 504 ## - BIBLIOGRAPHY, ETC. NOTE |
| Bibliography, etc |
Includes bibliographical references. |
| 650 #0 - SUBJECT ADDED ENTRY--TOPICAL TERM |
| Topical term or geographic name as entry element |
Pharmaceutical technology |
| Form subdivision |
Handbooks, manuals, etc. |
| Source of heading or term |
BUEsh |
| 650 12 - SUBJECT ADDED ENTRY--TOPICAL TERM |
| Topical term or geographic name as entry element |
Technology, Pharmaceutical |
| General subdivision |
methods |
| Geographic subdivision |
United States. |
| Source of heading or term |
BUEsh |
| 650 12 - SUBJECT ADDED ENTRY--TOPICAL TERM |
| Topical term or geographic name as entry element |
Technology, Pharmaceutical |
| General subdivision |
trends |
| Geographic subdivision |
United States. |
| Source of heading or term |
BUEsh |
| 650 22 - SUBJECT ADDED ENTRY--TOPICAL TERM |
| Topical term or geographic name as entry element |
Biotechnology |
| General subdivision |
trends |
| Geographic subdivision |
United States. |
| Source of heading or term |
BUEsh |
| 650 22 - SUBJECT ADDED ENTRY--TOPICAL TERM |
| Topical term or geographic name as entry element |
Drug Industry |
| General subdivision |
trends |
| Geographic subdivision |
United States. |
| Source of heading or term |
BUEsh |
| 651 ## - SUBJECT ADDED ENTRY--GEOGRAPHIC NAME |
| Source of heading or term |
BUEsh |
| 653 ## - INDEX TERM--UNCONTROLLED |
| Resource For college |
Pharmacy |
| Arrived date list |
October2015 |
| -- |
November2015 |
| 655 ## - INDEX TERM--GENRE/FORM |
| Form subdivision |
Text book |
| -- |
33728 |
| 700 1# - ADDED ENTRY--PERSONAL NAME |
| Personal name |
Gad, Shayne C., |
| Dates associated with a name |
1948- |
| Relator term |
editor. |
| 9 (RLIN) |
38553 |
| 856 42 - ELECTRONIC LOCATION AND ACCESS |
| Materials specified |
Contributor biographical information |
| Uniform Resource Identifier |
<a href="http://www.loc.gov/catdir/enhancements/fy1012/2008003748-b.html">http://www.loc.gov/catdir/enhancements/fy1012/2008003748-b.html</a> |
| 856 42 - ELECTRONIC LOCATION AND ACCESS |
| Materials specified |
Publisher description |
| Uniform Resource Identifier |
<a href="http://www.loc.gov/catdir/enhancements/fy1012/2008003748-d.html">http://www.loc.gov/catdir/enhancements/fy1012/2008003748-d.html</a> |
| 856 41 - ELECTRONIC LOCATION AND ACCESS |
| Materials specified |
Table of contents only |
| Uniform Resource Identifier |
<a href="http://www.loc.gov/catdir/enhancements/fy1012/2008003748-t.html">http://www.loc.gov/catdir/enhancements/fy1012/2008003748-t.html</a> |
| 942 ## - ADDED ENTRY ELEMENTS (KOHA) |
| Source of classification or shelving scheme |
Dewey Decimal Classification |
| Call number prefix |
615.19 PHA |